000 00291nam a22001337a 4500
008 170914b xxu||||| |||| 00| 0 eng d
020 _a9780500050644
041 _aeng
080 _a7
100 _a44
101 _aART
245 _aREADING EGYPTIAN ART
_cWILKINSON,R.H
942 _2udc
_cBK
999 _c27704
_d27704